The fine artist's guide to marketing and self-promotion /

Bibliographic Details
Main Author: Vitali, Julius
Corporate Author: NetLibrary, Inc
Format: eBook
Language:English
Published: New York : Allworth Press, [2003]
Edition:Rev. ed.
Subjects:
Online Access:Connect to the full text of this electronic book

MARC

Tag First Indicator Second Indicator Subfields
LEADER 00000cam a2200000Ia 4500
001 in00002007997
005 20220105141601.0
006 m d
007 cr cnu---unuuu
008 040105s2003 nyua sb 001 0 eng d
020 |a 1581153740 (electronic bk.) 
035 |a (OCoLC)ocm53976557 
040 |a N$T  |c N$T  |d OCLCQ  |d UtOrBLW 
043 |a n-us--- 
049 |a IKMN 
050 1 4 |a N8600  |b .V57 2003eb 
082 0 4 |a 706/.8/8  |2 22 
100 1 |a Vitali, Julius.  |0 http://id.loc.gov/authorities/names/n96093212 
245 1 4 |a The fine artist's guide to marketing and self-promotion /  |c Julius Vitali. 
250 |a Rev. ed. 
264 1 |a New York :  |b Allworth Press,  |c [2003] 
264 4 |c ©2003 
300 |a xiv, 239 pages :  |b illustrations ;  |c 23 cm. 
336 |a text  |b txt  |2 rdacontent 
337 |a computer  |b c  |2 rdamedia 
338 |a online resource  |b cr  |2 rdacarrier 
504 |a Includes bibliographical references and index. 
533 |a Electronic reproduction.  |b Boulder, Colo. :  |c NetLibrary,  |d 2004.  |n Available via World Wide Web.  |n Access may be limited to NetLibrary affiliated libraries. 
500 |a Electronic resource. 
650 0 |a Art  |z United States  |x Marketing.  |0 http://id.loc.gov/authorities/subjects/sh2009115944 
650 0 |a Art  |x Vocational guidance  |z United States.  |0 http://id.loc.gov/authorities/subjects/sh2009115945 
655 7 |a Electronic books.  |2 local 
710 2 |a NetLibrary, Inc.  |0 http://id.loc.gov/authorities/names/no99080690 
776 1 |c Original  |z 1581152817  |w (DLC) 2003010095  |w (OCoLC)52178985 
856 4 1 |u https://proxy.library.tamu.edu/login?url=http://www.netLibrary.com/urlapi.asp?action=summary&v=1&bookid=102389  |z Connect to the full text of this electronic book  |t 0 
994 |a 92  |b IKM 
999 |a MARS 
999 f f |s 295927d9-48b5-36e4-9469-13cc0f33a8ba  |i 72d80c1a-d700-3def-9671-2fd6cb5b9342  |t 0 
952 f f |a Texas A&M University  |b College Station  |c Electronic Resources  |d Available Online  |t 0  |e N8600 .V57 2003eb  |h Library of Congress classification 
998 f f |a N8600 .V57 2003eb  |t 0  |l Available Online